000 00728nam a2200241Ia 4500
003 OSt
005 20220923224530.0
006 a|||||r|||| 00| 0
007 ta
008 220922b |||||||| |||| 00| 0 hin d
024 _a239,192
037 _cTextual
040 _aARTS
_cARTS
_bhin
041 _2hin
_ahin
082 _a2:55, 152N6
100 _aसूद, एस. पी.
245 0 _aक्रियात्मक ए ए सी आर - 2
246 _aKriyātmak e e sī ār - 2
260 _aजयपुर
_b राजपब्लिशिंग हाउस
_c1996
300 _a336पृ.
_ccm.
942 _h2:55, 152N6
_cTEXL
_2CC
999 _c372002
_d372002